00748nam a2200241 a 450000100060000000300080000600500170001400800410003102000280007202000400010003500190014004000320015904100080019108200220019910000250022124500710024625000120031726000350032930000340036450400510039865000160044970000410046573787BD-RjUL20211209082439.0170611s1992 ilua b 001 0 eng  a0256081468 (alk. paper) a025611269X (Int'l ed. : alk. paper) a(BD-RjUL)74005 aDLCcDLCdDLCdBD-RjULbeng aeng00223a657bHEA 19921 aHendriksen, Eldon S.10aAccounting theory /cEldon S. Hendriksen and Michael F. van Breda. a5th ed. aHomewood, IL :bIrwin,cc1992. axvi, 905 p. :bill. ;c25 cm. aIncludes bibliographical references and index. 0aAccounting.1 aVan Breda, Michael F.qJoint authors